कैसे करें रंगो से उपचार ? / (Record no. 12657)

MARC details
000 -LEADER
fixed length control field 02254 a2200277 4500
005 - DATE AND TIME OF LATEST TRANSACTION
control field 20081111152340.0
008 - FIXED-LENGTH DATA ELEMENTS--GENERAL INFORMATION
fixed length control field 081111t xxu||||| |||| 00| 0 hin d
010 ## - LCCN (DPL NO)
LC control number B-306620-626
020 ## - INTERNATIONAL STANDARD BOOK NUMBER
International Standard Book Number 8184191944
Terms of availability 75.00
035 ## - SYSTEM CONTROL NUMBER
System control number B-306620-626
082 ## - DEWEY DECIMAL CLASSIFICATION NUMBER
Classification number 615.8312
100 ## - MAIN ENTRY--PERSONAL NAME
Personal name टैड एण्ड्रयूज
245 ## - TITLE STATEMENT
Title कैसे करें रंगो से उपचार ? /
Statement of responsibility, etc टैड एण्ड्रयूज
260 ## - PUBLICATION, DISTRIBUTION, ETC. (IMPRINT)
Place of publication, distribution, etc नई दिल्ली
Name of publisher, distributor, etc फ्यूजन बुक्स
Date of publication, distribution, etc 2007
270 ## - ADDRESS
Address x-30, ओखला इंडस्ट्रियल एरिया, फेज-II
City नई दिल्ली
Postal code 110020
State or province नई दिल्ली
300 ## - PHYSICAL DESCRIPTION
Extent 136पृ
Dimensions 22 सेमी (अजिल्द)
942 ## - ADDED ENTRY ELEMENTS (KOHA)
Institution code [OBSOLETE] dpl
Item type Hindi Books
Call number prefix / टैडए
Source of classification or shelving scheme Dewey Decimal Classification
Classification part 615.8312
Call number suffix टैडए
Holdings
Withdrawn status Lost status Source of classification or shelving scheme Damaged status Not for loan Collection code Home library Current library Date acquired Source of acquisition Cost, normal purchase price Total Checkouts Full call number Barcode Date last seen Copy number Cost, replacement price Koha item type Public note Total Renewals
    Dewey Decimal Classification     Non-fiction Central Library Central Library 11/11/2008 फ्यूजन/879/29.9.08/359/ 4.9.08/22.10.08 75.00   615.8312 टैडए B-306620 11/11/2008 1 75.00 Hindi Books    
    Dewey Decimal Classification     Non-fiction Karol Bagh Karol Bagh 11/11/2008   75.00   615.8312 टैडए B-306625 11/11/2008 1 75.00 Hindi Books    
Written off   Dewey Decimal Classification     Non-fiction Mobile Library Mobile Library 11/11/2008   75.00   615.8312 टैडए B-306621 11/11/2008 1 75.00 Hindi Books Written off on approval by DLB (By Circulation); dtd 15-06-2023  
    Dewey Decimal Classification     Non-fiction Mobile Library Mobile Library 11/11/2008   75.00   615.8312 टैडए B-306622 11/11/2008 2 75.00 Hindi Books    
    Dewey Decimal Classification     Non-fiction Patel Nagar Patel Nagar 11/11/2008   75.00   615.8312 टैडए B-306623 11/11/2008 1 75.00 Hindi Books    
    Dewey Decimal Classification     Non-fiction Sarojini Nagar Sarojini Nagar 11/11/2008   75.00 1 615.8312 टैडए B-306624 13/07/2024 1 75.00 Hindi Books    
    Dewey Decimal Classification     Non-fiction Shahdara Branch Shahdara Branch 11/11/2008   75.00 2 615.8312 टैडए B-306626 13/11/2021 1 75.00 Hindi Books   1

© Delhi Public Library
Hit Counter
free hit counter